Countries Starting and Ending with Vowels - Statistics

General Stats
  • This quiz has been taken 56 times
  • The average score is 15 of 20
Answer Stats
Country % Correct
Australia
96%
Austria
92%
Armenia
88%
Albania
85%
Argentina
83%
Estonia
83%
Angola
81%
Algeria
79%
Andorra
79%
India
79%
Eritrea
77%
Indonesia
75%
Uganda
75%
Ukraine
73%
Antigua and Barbuda
71%
Ethiopia
71%
Eswatini
67%
Uruguay
65%
Italy
63%
Equatorial Guinea
44%
No matching quizzes found
Score Distribution
Percent of People with Each Score
Percentile by Number Answered
Your Score History
You have not taken this quiz